00336nam a2200133Ia 4500003000400000008004100004020002600045040000800071100001500079245005400094260002800148300001500176365001100191LDD181029s9999 xx 000 0 und d a9788173197222c220.00 cLDD aKhan, R.A. 0aSoftware quality concept and practicescR.A. Khan aNew DelhibNarosac2006 axvii, 198p b220.00